| 000 | 01455nam a2200301 i 4500 | ||
|---|---|---|---|
| 001 | 158551 | ||
| 003 | ES-MaACL | ||
| 005 | 20250813063333.0 | ||
| 008 | 990917s1876 sp |||| | spa d | ||
| 040 |
_aCCPB | B _bspa _cCCPB | B |
||
| 100 | 1 |
_aMal Lara, Juan de, _d1524-1571 _9159232 |
|
| 245 | 1 | 0 |
_aDescripción de la Galera Real del Sermo. Sr. Don Juan de Austria. _n1, _pDescripción de la Galera Real del Sermo. Sr. D. Juan de Austria / _cJuan de Malara. |
| 260 |
_aSevilla : _bSociedad de bibliófilos andaluces, _c1876 ( _fFrancisco Álvarez y Cª) |
||
| 300 |
_a535 p. ; _c22 cm. |
||
| 490 | 1 |
_aObras del maestro Juan de Malara ; _v1 |
|
| 490 | 1 | _aSociedad de bibliófilos andaluces. Primera serie | |
| 530 | _aDisponible en formato digital. | ||
| 597 | _aMarca tip. en port. | ||
| 597 | _aAntep. | ||
| 600 | 1 | 4 |
_aAustria, Juan de ( _d1545-1578) _9151484 |
| 650 | 4 |
_aGaleras- _zEspaña- _xHistoria. _9170012 |
|
| 650 | 4 |
_aPatrimonio real- _zEspaña- _yS.XVI. _9170013 |
|
| 830 | 0 |
_aObras del maestro Juan de Malara ; _v1 _9221867 |
|
| 830 | 0 |
_aSociedad de bibliófilos andaluces. Primera serie _9182018 |
|
| 852 |
_aES-MaACL _jB-5548 _z-- Enc. hol. _z-- Ejemp. n. 55 de una tirada de 300, para el socio Juan José Diaz _x-- Edic.: precede al tít.: Sociedad de Bibliófilos Andaluces. Primera serie |
||
| 856 |
_uhttp://bdh-rd.bne.es/viewer.vm?id=0000001511&page=1 _zBiblioteca Digital Hispánica |
||
| 999 |
_c158551 _d158551 |
||